Movies by Middle Word Quiz Stats

 Plays Quiz Updated Jan 9, 2019

Also try: Fabulous Fonts
Challenge
Share
Tweet
Embed
Score 0/40 Timer 06:00
0 Plays Today
Middle Word Movie Title % Correct
___ Private ___Saving Private Ryan
93.3%
___ Will ___Good Will Hunting
87.6%
___ Wild ___Wild Wild West
83.2%
___ Women ___What Women Want
82.9%
___ Wide ___Eyes Wide Shut
80.1%
___ Force ___Air Force One
79.2%
___ Strings ___No Strings Attached
78.9%
___ Fair ___My Fair Lady
77.9%
___ Lisa ___Mona Lisa Smile
76.2%
___ Who's ___Look Who's Talking
76.1%
___ Got ___You've Got Mail
72.2%
___ Hand ___Cool Hand Luke
71.7%
___ Metal ___Full Metal Jacket
67.4%
___ Rotten ___Dirty Rotten Scoundrels
63.6%
___ Miss ___Little Miss Sunshine
62.6%
___ Prefer ___Gentlemen Prefer Blondes
60.9%
___ Don't ___Boys Don't Cry
56.8%
___ Golden ___On Golden Pond
55.5%
___ Hour ___One Hour Photo
49.1%
___ Weeks ___Two Weeks Notice
47.7%
Middle Word Movie Title % Correct
___ Side ___West Side Story
47.4%
___ Left ___My Left Foot
46.8%
___ Born ___Natural Born Killers
46.2%
___ Day ___Dog Day Afternoon
45.9%
___ John ___Being John Malkovich
39.4%
___ By ___Stand By Me
37.8%
___ About ___What About Bob?
36.2%
___ Plains ___High Plains Drifter
32.8%
___ Under ___Courage Under Fire
32.5%
___ Glen ___ Glengarry Glen Ross
31.3%
___ Getting ___Rachel Getting Married
28.8%
___ Girl ___His Girl Friday
27.7%
___ Way ___No Way Out
27%
___ Easy ___Five Easy Pieces
24.6%
___ Can ___Heaven Can Wait
21%
___ Up ___Bringing Up Baby
19.1%
___ Big ___Little Big Man
18.8%
___ Cold ___In Cold Blood
18.7%
___ All ___Against All Odds
4.1%
___ No ___We're No Angels
2.7%

You're not logged in!

Compare scores with friends on all Sporcle quizzes.
OR
Log In

You Might Also Like...

Show Comments

Extras

Top Quizzes Today


Score Distribution

Your Account Isn't Verified!

In order to create a playlist on Sporcle, you need to verify the email address you used during registration. Go to your Sporcle Settings to finish the process.

Report this User

Report this user for behavior that violates our Community Guidelines.

Details: